Statistics for Philippines Provincial Capitals - Mindanao

Click here to take the quiz!

General Stats

  • This quiz has been taken 700 times
  • The average score is 16 of 26

Answer Stats

HintAnswer% Correct
Misamis OrientalCagayan de Oro
77%
BukidnonMalaybalay
76%
Surigao del NorteSurigao
72%
SuluJolo
70%
Lanao del SurMarawi
69%
Davao del NorteTagum
67%
Zamboanga del NorteDipolog
64%
Zamboanga del SurPagadian
63%
Davao del SurDigos
62%
Surigao del SurTandag
62%
CamiguinMambajao
61%
Misamis OccidentalOroquieta
61%
Davao OrientalMati
61%
Lanao del NorteTubod
59%
CotabatoKidapawan
58%
Zamboanga SibugayIpil
58%
Dinagat IslandsSan Jose
57%
South CotabatoKoronadal
57%
Agusan del SurProsperidad
57%
BasilanIsabela
57%
Agusan del NorteCabadbaran
56%
Compostela ValleyNabunturan
55%
Sultan KudaratIsulan
54%
MaguindanaoShariff Aguak
52%
SaranganiAlabel
50%
Tawi-TawiBongao
49%

Score Distribution

Percentile by Number Answered

Percent of People with Each Score

Your Score History

You have not taken this quiz